Супер-курсы - мост между университетом и инкубатором; Инженерное образование; № 16

Opis bibliograficzny
Parent link:Инженерное образование: электронный научный журнал/ Ассоциация инженерного образования России (АИОР).— : [Б. и.], 2003-.— 1810-2883
№ 16.— 2014.— [С. 163-167]
1. autor: Shimi I.
Streszczenie:Заглавие с титульного листа
Инженерные образовательные курсы чаще всего основываются на проектах и производственных решениях (Implementing solutions), они же становятся наиболее важным критерием отбора на рынке труда, особенно в условиях экономического кризиса, когда обеспечение работой не гарантированно, и только практикующие инженеры (Operational engineers) могут создавать новые рабочие места. Для того чтобы помочь инженерам стать будущими предпринимателями, супер-курсы или ускоренные образовательные курсы, преподаваемые в рамках бакалавриата, становятся необходимыми для обеспечения внеаудиторного опыта в сжатые сроки. Важную роль здесь играют стандарты CDIO, предназначенные помогать студентам инженерных специальностей во всем, начиная от моделирования и заканчивая интеграцией в профессиональное сообщество.
Język:rosyjski
Wydane: 2014
Seria:Опыт вузов по внедрению CDIO
Hasła przedmiotowe:
Dostęp online:https://old.aeer.ru/files/io/m16/art_23.pdf
Format: Elektroniczne Rozdział
KOHA link:https://koha.lib.tpu.ru/cgi-bin/koha/opac-detail.pl?biblionumber=543010

MARC

LEADER 00000naa2a2200000 4500
001 543010
005 20250520140609.0
035 |a (RuTPU)RU\TPU\prd\233639 
035 |a RU\TPU\prd\233638 
090 |a 543010 
100 |a 20150320a2014 k y0rusy50 ca 
101 0 |a rus 
102 |a RU 
135 |a drcn ---uucaa 
181 0 |a i  
182 0 |a b 
200 1 |a Супер-курсы - мост между университетом и инкубатором  |b Электронный ресурс  |f I. Shimi 
203 |a Текст  |c электронный 
215 |a 1 файл (397 Кб) 
225 1 |a Опыт вузов по внедрению CDIO 
230 |a Электронные текстовые данные (1 файл : 397 Кб) 
300 |a Заглавие с титульного листа 
320 |a [Библиогр.: с. 167 (6 назв.)] 
330 |a Инженерные образовательные курсы чаще всего основываются на проектах и производственных решениях (Implementing solutions), они же становятся наиболее важным критерием отбора на рынке труда, особенно в условиях экономического кризиса, когда обеспечение работой не гарантированно, и только практикующие инженеры (Operational engineers) могут создавать новые рабочие места. Для того чтобы помочь инженерам стать будущими предпринимателями, супер-курсы или ускоренные образовательные курсы, преподаваемые в рамках бакалавриата, становятся необходимыми для обеспечения внеаудиторного опыта в сжатые сроки. Важную роль здесь играют стандарты CDIO, предназначенные помогать студентам инженерных специальностей во всем, начиная от моделирования и заканчивая интеграцией в профессиональное сообщество. 
337 |a Adobe Reader 
461 1 |0 (RuTPU)RU\TPU\prd\176632  |x 1810-2883  |t Инженерное образование  |o электронный научный журнал  |f Ассоциация инженерного образования России (АИОР)  |n [Б. и.]  |d 2003- 
463 1 |0 (RuTPU)RU\TPU\prd\1188  |t № 16  |v [С. 163-167]  |d 2014 
610 1 |a инженерное образование 
610 1 |a электронный ресурс 
610 1 |a CDIO 
610 1 |a курсы 
610 1 |a вузы 
610 1 |a учебные планы 
610 1 |a бакалавриат 
700 1 |a Shimi  |b I. 
801 1 |a RU  |b 63413507  |c 20090623  |g PSBO 
801 2 |a RU  |b 63413507  |c 20180426  |g PSBO 
856 4 |u https://old.aeer.ru/files/io/m16/art_23.pdf 
942 |c BK